[Event "11th World Teams Women"]
[Site "Khanty-Mansiysk RUS"]
[Date "2017.06.20"]
[Round "4.5"]
[Board "3"]
[White "Padmini, Rout"]
[Black "Szczepkowska, Karina"]
[Result "1-0"]
[WhiteTitle "IM"]
[BlackTitle "IM"]
[WhiteElo "2375"]
[BlackElo "2414"]
[WhiteTeam "India"]
[BlackTeam "Poland"]
[WhiteFideId "5029295"]
[BlackFideId "1122681"]
[EventDate "2017.06.17"]

1. e4 e5 2. Nf3 Nc6 3. Bb5 a6 4. Ba4 Nf6 5. O-O Be7 6. Qe2 b5 7. Bb3 O-O 8. c3
d5 9. d3 Bb7 10. Nbd2 h6 11. Re1 Re8 12. Nf1 Bf8 13. Ng3 Na5 14. Bc2 c5 15. Bd2
Nc6 16. exd5 Qxd5 17. a4 b4 18. Ne4 Nxe4 19. dxe4 Qe6 20. a5 c4 21. Be3 b3 22.
Bd1 Rac8 23. Nd2 Nd8 24. Qg4 Bc5 25. Bxc5 Rxc5 26. Qxe6 Nxe6 27. Be2 Rd8 28.
Nxc4 Bxe4 29. Bf1 Bd3 30. Nxe5 Bxf1 31. Kxf1 Rdd5 32. Nf3 Rxa5 33. Rxa5 Rxa5 34.
g3 Kf8 35. Nd2 Ra2 36. Nc4 Ra4 37. Ne5 Ra2 38. Nd3 Ke7 39. f4 g6 40. Rb1 Ra4 41.
Rd1 Ra2 42. Ke2 a5 43. Kd2 a4 44. c4 a3 45. Kc3 axb2 46. Nxb2 Nc5 47. Rd5 Ra5
48. Kb4 Ra2 49. Rd2 Ne4 50. Re2 f5 51. Kxb3 Ra8 52. c5 Kd7 53. Nd3 Kc6 54. Kc4
Ra3 55. Ne5+ Kc7 56. Rc2 g5 57. Kd5 Ra8 58. Ke6 Rf8 59. Ke7 Ra8 60. c6 Nd6 61.
Ke6 Re8+ 62. Kf6 gxf4 63. gxf4 h5 64. h4 Rf8+ 65. Ke6 Re8+ 66. Kd5 Ne4 67. Rb2
Nf6+ 68. Kc5 Ne4+ 69. Kd5 Nf6+ 70. Kc4 Ra8 71. Rb7+ Kd6 72. Kb5 Kd5 73. Nc4 Rg8
74. c7 Ke6 75. Nb6 Ne4 76. c8=Q+ Rxc8 77. Nxc8 1-0

[Event "11th World Teams Women"]
[Site "Khanty-Mansiysk RUS"]
[Date "2017.06.24"]
[Round "7.4"]
[Board "3"]
[White "Vo, Thi Kim Phung"]
[Black "Yu, Jennifer R"]
[Result "0-1"]
[WhiteTitle "WIM"]
[BlackTitle "WIM"]
[WhiteElo "2378"]
[BlackElo "2319"]
[WhiteTeam "Vietnam4"]
[BlackTeam "United States"]
[WhiteFideId "12401838"]
[BlackFideId "2078341"]
[EventDate "2017.06.17"]

1. d4 d5 2. Nf3 Nf6 3. g3 c6 4. Bg2 Bf5 5. O-O e6 6. c4 Nbd7 7. Nc3 dxc4 8. Nh4
Bg4 9. h3 Bh5 10. g4 Nd5 11. e4 Nb4 12. Nf3 Bg6 13. Be3 Nd3 14. a3 Nxb2 15. Qb1
Qb6 16. Nd2 h5 17. gxh5 Rxh5 18. Qc2 c5 19. dxc5 Bxc5 20. Rab1 Bxe3 21. Rxb2 Qc5
22. Rb5 Qxa3 23. Nxc4 Qa6 24. Rxh5 Bxh5 25. Nxe3 Rc8 26. Qb2 Rc5 27. Ra1 Qd3 28.
Ncd1 Rg5 29. Qxb7 Bf3 30. Qb1 Bxg2 31. Nxg2 Qxh3 32. Ne3 Rh5 33. f4 a5 34. Kf2
g5 35. f5 g4 36. Ke2 Qf3+ 37. Kd3 exf5 38. exf5 Rxf5 39. Qe1 Re5 40. Rxa5 Qe4+
41. Kc3 Rxa5 42. Nc4 Qxe1+ 43. Nxe1 Ra1 44. Ng2 Ra2 45. Nce3 Rf2 46. Kd4 g3 47.
Nh4 Rf4+ 0-1

[Event "11th World Teams Women"]
[Site "Khanty-Mansiysk RUS"]
[Date "2017.06.24"]
[Round "7.5"]
[Board "4"]
[White "Melia, Salome"]
[Black "Fataliyeva, Ulviyya"]
[Result "1-0"]
[WhiteTitle "IM"]
[BlackTitle "WIM"]
[WhiteElo "2393"]
[BlackElo "2341"]
[WhiteTeam "Georgia"]
[BlackTeam "Azerbaijan"]
[WhiteFideId "13602446"]
[BlackFideId "13403052"]
[EventDate "2017.06.17"]

1. e4 e6 2. d4 d5 3. Nc3 Nf6 4. e5 Nfd7 5. f4 c5 6. Nf3 Nc6 7. Be3 cxd4 8. Nxd4
Bc5 9. Qd2 O-O 10. O-O-O a6 11. h4 Nxd4 12. Bxd4 b5 13. Kb1 b4 14. Ne2 a5 15. h5
Ba6 16. h6 g6 17. Ng3 Qc7 18. Bxa6 Rxa6 19. Nf1 a4 20. Rh3 Rb8 21. Ne3 b3 22.
cxb3 axb3 23. a3 Bxd4 24. Qxd4 Rc6 25. Nxd5 exd5 26. e6 f6 27. exd7 Rd6 28. Rc3
Qxd7 29. Qd3 Qa4 30. g3 Rd7 31. Qe2 Kf7 32. Re1 Qe4+ 33. Qxe4 dxe4 34. Rxe4 Rd1+
35. Rc1 Rbd8 36. Rc4 Ke6 37. g4 R8d3 38. Rc7 R1d2 39. Rxh7 Rh2 40. Rb7 Rxh6 41.
Rb6+ Kd5 42. Rxf6 Ke4 43. Re1+ Kf3 44. f5 Kf2 45. Rc1 Rf3 46. g5 Rh5 47. fxg6
Rxg5 48. Rf1+ 1-0

[Event "11th World Teams Women"]
[Site "Khanty-Mansiysk RUS"]
[Date "2017.06.26"]
[Round "9.1"]
[Board "2"]
[White "Zhukova, Natalia"]
[Black "Lagno, Kateryna"]
[Result "1/2-1/2"]
[WhiteTitle "GM"]
[BlackTitle "GM"]
[WhiteElo "2449"]
[BlackElo "2539"]
[WhiteTeam "Ukraine"]
[BlackTeam "Russian Federation"]
[WhiteFideId "14101513"]
[BlackFideId "14109336"]
[EventDate "2017.06.17"]

1. d4 Nf6 2. c4 g6 3. Nc3 d5 4. Nf3 Bg7 5. h4 dxc4 6. e4 c5 7. d5 b5 8. h5 Nxh5
9. Nxb5 O-O 10. Bxc4 Bg4 11. Qc2 a6 12. Na3 Qc7 13. Be2 Nf4 14. d6 Qxd6 15. e5
Nxg2+ 16. Kf1 Qc6 17. Kxg2 Nd7 18. Nc4 Nxe5 19. Nxe5 Bxe5 20. Bd2 Rfd8 21. Bc3
Bf5 22. Qc1 Bxc3 23. bxc3 h5 24. Qf4 Rd6 25. Kg1 Qe4 26. Qxe4 Bxe4 27. Rh4 Bd3
28. Re1 e6 29. Kg2 Bb5 30. Ne5 Rd2 31. Bf3 Rad8 32. a4 Be8 33. Rc4 Ra2 34. Rxc5
Bxa4 35. Re2 Ra1 36. Ra5 Rdd1 37. Rb2 Rg1+ 38. Kh2 Rg5 39. Rb4 Ra2 40. Rbxa4
Rxf2+ 41. Kh3 f6 42. Bb7 fxe5 43. Ra2 Rf4 44. Rg2 Rxg2 45. Kxg2 Rc4 46. Ra3 a5
47. Ba6 Rc5 48. c4 Kg7 49. Bb5 Kf6 50. Kf3 g5 51. Rxa5 g4+ 52. Ke4 h4 53. Ra8
Kg7 54. Ke3 Rc7 55. Kf2 Kf6 56. Rg8 Kf5 57. Ke3 h3 58. Kf2 Rh7 59. Bc6 h2 60.
Bh1 Rc7 61. Rf8+ Kg5 62. Rg8+ Kf5 63. Rf8+ Kg5 64. Rg8+ 1/2-1/2

[Event "11th World Teams Women"]
[Site "Khanty-Mansiysk RUS"]
[Date "2017.06.26"]
[Round "9.2"]
[Board "2"]
[White "Wafa, Shrook"]
[Black "Tan, Zhongyi"]
[Result "0-1"]
[WhiteTitle "WGM"]
[BlackTitle "GM"]
[WhiteElo "2141"]
[BlackElo "2517"]
[WhiteTeam "Egypt"]
[BlackTeam "China"]
[WhiteFideId "10609970"]
[BlackFideId "8603642"]
[EventDate "2017.06.17"]

1. e4 d6 2. d4 g6 3. Nc3 Bg7 4. Be3 a6 5. Be2 Nd7 6. Bf3 Ngf6 7. Nge2 e5 8. O-O
O-O 9. Qd2 exd4 10. Nxd4 c5 11. Nb3 Ne5 12. Be2 b5 13. f4 Nc4 14. Bxc4 bxc4 15.
Nc1 Bb7 16. e5 Ng4 17. N1e2 Qh4 18. h3 Nxe3 19. Qxe3 dxe5 20. Qxc5 Rad8 21. Qc7
Ba8 22. Rad1 Rxd1 23. Rxd1 exf4 24. Qxf4 Qxf4 25. Nxf4 Rb8 26. Nfe2 Be5 27. b3
Kg7 28. Nd5 cxb3 29. axb3 Rb5 30. Ndf4 Be4 31. Nd3 Bf6 32. g4 Ra5 33. Kf2 Ra2
34. c4 Bg5 35. Nc5 Bh4+ 36. Ke3 Bg2 37. Nc3 Rf2 38. N3e4 Rf3+ 39. Kd4 Bxh3 40.
g5 Bf5 41. Ra1 Bc8 42. b4 h6 43. gxh6+ Kxh6 44. Nxa6 f5 45. Rh1 Rf4 46. Nc5 fxe4
47. Ke3 g5 48. b5 Kg6 49. Rh2 Kf5 50. b6 Rf3+ 51. Ke2 Ke5 52. b7 Bxb7 53. Nxb7
Rb3 0-1